| 000 | 00854cam a2200241 i 4500 | ||
|---|---|---|---|
| 005 | 20160726093153.0 | ||
| 008 | 010223s1999 us ab r 00110 eng d | ||
| 020 | _a1560985690 | ||
| 040 |
_ala _cla _dCO-BoIAVH |
||
| 041 | 0 | _aeng | |
| 043 | _acl----- | ||
| 082 | 0 | 4 |
_a584.9 _bJ93a |
| 100 | 1 | _aJudziewicz, Emmet J. | |
| 245 | 1 | 0 |
_aAmerican bamboos / _cEmmet J. Judziewicz y (otros tres autores más). |
| 260 |
_aWashington ; London : _bSmithsonian Institution Press, _c1999. |
||
| 300 |
_a392 páginas : _bilustraciones y mapas ; _c26 cm. |
||
| 504 | _aIncluye referencias bibliográficas, índice y glosario. | ||
| 650 | 1 | 4 |
_aBambú _x Producción _z América Latina. |
| 650 | 2 | 4 |
_aBambú _x Cultivo _z América Latina. |
| 650 | 2 | 4 |
_aBambú _x Variedades _z América Latina. |
| 942 |
_2ddc _cLIBRO |
||
| 949 |
_an _bn |
||
| 999 |
_c1881 _d1881 |
||